| 000 | 01424nam a2200265 u 4500 | ||
|---|---|---|---|
| 003 | MX-MxUPN | ||
| 005 | 20241109063736.0 | ||
| 008 | 190617t1994 mx r 000 0 spa d | ||
| 020 | _a9688424145 | ||
| 035 | _aUPN01000231360 | ||
| 040 |
_aMX-MxUPN _bspa _cMX-MxUPN |
||
| 041 | 0 | _aspa | |
| 050 | 1 | 4 |
_aJC585 _bD4.5 |
| 245 | 0 | 0 |
_aDemocracia y derechos humanos / _cAbelardo Villegas ... [ et al.]. |
| 260 |
_aMéxico, D.F. : _bUNAM, Coordinación de Humanidades : _bM.A. Porrúa, _c©1994. |
||
| 250 | _aPrimera edición. | ||
| 300 | _a177 páginas | ||
| 490 | 0 | _aCiencias sociales | |
| 505 | 0 |
_tLa democracia en América Latina / _rAbelardo Villegas -- _tGarantías individuales y derechos sociales: una polémica que no termina / _rIgnacio Sosa -- _tLa teoría del derecho natural en Santo Tomás: ¿punto de partida de los derechos humanos? / _rAna Luisa Guerrero G. -- _tDerechos naturales y derechos humanos en Bartolomé de las Casas y la Escuela de Salamanca / _rMauricio Beuchot -- _tLos dos liberalismos del siglo XVIII (y algunas actualizaciones) / _rJosé Luis Orozco -- _tTópicos (ius) filosóficos de los derechos humanos / _rRoque Carrión Wam -- _tConstitucionalismo y derechos humanos en América Latina / _rJorge Mario García Laguardia. |
|
| 650 | 4 |
_aDerechos humanos _95797 |
|
| 650 | 4 |
_aDemocracia _96020 |
|
| 700 | 1 |
_aVillegas, Abelardo, _d1934-2001 _ecoaut. _929508 |
|
| 905 | _aLibro | ||
| 999 |
_c203455 _d203455 |
||